00217nam a22000977a 4500040000700000082000800007100001500015245005500030260002400085300001000109 cSK a664 aFELLOWS P. aFood processing technology principles and practice aNEW YORKbFELc2002 a572p.